000 01639nam0a22003131 4500
001 v19\rc\1448487
005 20250618140210.0
035 _a(NLR Aleph) 004589822
090 _a2642367
_c2642367
100 _a20060620e18731871|||y0rusy50 ca
101 1 _arus
_cund
102 _aRU
105 _ay z |||||
200 1 _aНаследник великого короля
_f[Соч.] Адольфа Моклера
210 _aСанкт-Петербург
_cЕ.Н. Ахматова
_d1873
215 _a423 с. разд. паг.
_d23
311 _aОтт. из "Собр. иностр. романов, повестей и рассказов в пер. на рус. яз.". Спб., 1871
327 0 _aВ кн. также: Леди Каролина; История горничной; На поле битвы [и др. рассказы]
464 0 _12001#$aЛеди Каролина$aИстория горничной$aНа поле битвы
_tНа поле битвы
488 0 _12001#$aСобрание иностранных романов, повестей и рассказов в переводе на русский язык
_1210##$aСанкт-Петербург$d1871
_tСобрание иностранных романов, повестей и рассказов в переводе на русский язык
700 1 _7ba
_8rus
_aМоклер
_bА.
_gАдольф
_9247310
_3RU\NLR\AUTH\770247366
801 0 _aRU
_bNLR
_gpsbo
801 0 _aRU
_bRuMoRGB
_2psbo
801 1 _aRU
_bProSoft-M
_2rusmarc
852 _aNLR
_j18.235.4.3
899 _aRuMoRGB
_jXXIV 11/1 (1871)
942 _cBOOK
980 _aNB